000 00322nam a2200133Ia 4500
005 20251222155139.0
008 251222s9999||||xx |||||||||||||| ||spa||
082 _aEPI.37
100 _aOPS/OMS.
245 0 _aManual del coordinador programa ampliado de inmun.
250 _a1ra. ed.
264 _bOPS/OMS
942 _cLIB
999 _c39105
_d39105